|
|
|
|
| LEADER |
00000nab a2200000 a 4500 |
| 001 |
vtls000597965 |
| 003 |
SK-MaSNL |
| 005 |
20260304102005.0 |
| 008 |
250425c1996 xo 0 slo |
| 015 |
|
|
|a SNBRB19rr/mm-uuuuu
|
| 035 |
|
|
|a CL0598104
|
| 035 |
|
|
|a urn:nbn:sk:snk-abfmc
|
| 035 |
|
|
|a (urnnbn)urn:nbn:sk:snk:ar-002qb0
|
| 035 |
|
|
|a (uuid)b08b2c6e-07f8-4590-a149-b8fdb14d500f
|
| 040 |
|
|
|a SNKBUCL
|b slo
|c SNKBUCL
|e AACR2
|
| 041 |
0 |
|
|a hun
|
| 044 |
|
|
|a xo
|c SK
|
| 080 |
|
|
|a 886.2-4=945.11
|2 1981
|
| 100 |
1 |
|
|a Šoljan, Antun,
|d 1932-1993
|4 aut
|9 157114
|
| 245 |
1 |
0 |
|a A Pentagonálé zugából
|c Antun Šoljan ; Ford. István Ladányi
|
| 650 |
0 |
7 |
|a eseje
|2 snkbucl
|9 144629
|
| 655 |
|
7 |
|a články z novín a časopisov
|2 snkbucl
|9 267496
|
| 655 |
|
7 |
|a články z odboru literárna veda a krásna literatúra
|2 snkbucl
|9 770045
|
| 700 |
1 |
|
|a Ladányi, István,
|d 1963-
|4 trl
|9 141510
|
| 773 |
0 |
|
|t Kalligram
|g Č. 9 (1996), s. 100 a 3. obál.
|
| 850 |
|
|
|a Slovenská národná knižnica
|
| 852 |
|
|
|a Slovenská národná knižnica
|
| 958 |
|
|
|a article27
|
| 958 |
|
|
|a OND
|
| 958 |
|
|
|a RK
|
| 958 |
|
|
|a HU
|
| 958 |
|
|
|a LX
|
| 958 |
|
|
|a HR
|
| 958 |
|
|
|a NX
|
| 992 |
|
|
|a RBX
|
| 999 |
|
|
|c 2843613
|d 2845543
|